Mesto dostalo ocenenie Sociálny čin roka

Bibliographic Details
Format: Article
Language:Slovak
PhysicalDescription:Obr.
ISSN:1335-4566
Subjects:

MARC

LEADER 00000nab a2200000 a 4500
001 vtls008901612
003 SK-MaSNL
005 20260303071434.0
008 190925 20061221xo dr er 000 0 slo
038 |a KEVKJB 
040 |a KEVKJB  |b slo  |c KEVKJB  |e AACR2 
041 0 |a slo 
044 |a xo  |c SK 
080 |a 06.068  |2 2001 
080 |a 364.442  |2 2001 
245 0 0 |a Mesto dostalo ocenenie Sociálny čin roka  |c [autor] (ren) 
300 |b Obr. 
648 7 |a 2006  |2 snkbucl  |9 313148 
650 0 7 |a Sociálny čin roka (ocenenie)  |y 2006  |z Košice (Slovensko)  |2 kevkjb  |9 1070126 
651 7 |a Košice (Slovensko)  |2 kevkjb  |9 18694 
773 0 |t Košický denník Korzár  |g Roč. IX, č. 293 (21.12.2006), s. 2  |x 1335-4566 
852 |a KEVKJB  |b KIS3GCP 
999 |c 1759903  |d 1761833